000 00405nam a22001697a 4500
003 CEME
005 20210628203720.0
008 210317b xxu||||| |||| 00| 0 eng d
020 _a0-7923-0223-0
040 _c.
082 _a620.1126 BRO'P
100 _aBrock, D
_966985
245 _aThe practical use of fracture mechanics
260 _aLONDON
_bKLUWER
_c1989
300 _a522P
942 _cBK
_2ddc
999 _c574844
_d574844